TOP100 najbardziej wartościowi polscy piłkarze - Statystyki

Ogólne statystyki
  • Ten quiz został rozwiązany 1 774 razy
  • Średni wynik to 35 z 100
Statystyki odpowiedzi
Imię i Nazwisko Wartość Pozycja Grał m.in. w: % Poprawnych
Robert Lewandowski 50 mln Środkowy napastnik Borussia Dortmund, Bayern Monchium
99%
Wojciech Szczęsny 15 mln Bramkarz Arsenal, Roma, Juventus
95%
Piotr Zieliński 50 mln Ofensywny pomocnik Empoli, Napoli
93%
Arkadiusz Milik 17 mln Środkowy napastnik Napoli, Marsylia
88%
Matty Cash 22 mln Prawy obrońca Nottingham Forest, Aston Villa
87%
Grzegorz Krychowiak 11 mln Defensywny pomocnik Sevilla, PSG
85%
Krzysztof Piątek 12 mln Środkowy napastnik Milan, Hertha, Fiorentina
80%
Jan Bednarek 22 mln Środkowy obrońca Lech Poznań, Southampton
79%
Kamil Glik 1,5 mln Środkowy obrońca Torino, Monaco
72%
Nicola Zalewski 2,5 mln Skrzydłowy Roma
72%
Damian Szymański 1,5 mln Środkowy pomocnik Akhmat Grozny, AEK Ateny
67%
Sebastian Szymański 13 mln Ofensywny pomocnik Legia Warszawa, Dynamo Moswa
67%
Karol Świderski 5 mln Środkowy napastnik PAOK, Charlotte FC
65%
Bartosz Bereszyński 5 mln Prawy obrońca Legia Warszawa, Sampdoria
64%
Jakub Kamiński 10 mln Skrzydłowy Lech, Poznań, Wolfsburg
64%
Jakub Moder 12 mln Środkowy pomocnik Lech Poznań, Brighton
64%
Łukasz Skorupski 4 mln Bramkarz Roma, Bologna
64%
Marcin Kamiński 1 mln Środkowy obrońca Stuttgart, Schalke
63%
Bartłomiej Drągowski 9 mln Bramkarz Empoli, Fiorentina
62%
Łukasz Fabiański 1 mln Bramkarz Arsenal, West Ham
61%
Przemysław Frankowski 7 mln Skrzydłowy Chicago Fire, Lens
61%
Kamil Grabara 3 mln Bramkarz Liverpool, Kopenhagha
57%
Adam Buksa 9 mln Środkowy napastnik Pogoń Szczecin, NE Revolution
54%
Aleksander Buksa 1,5 mln Środkowy napastnik Wisław Kraków, Genoa
53%
Jakub Kiwior 1,8 mln Defensywny pomocnik Żilina, Spezia
53%
Karol Linetty 4 mln Środkowy pomocnik Sampdoria, Torino
52%
Mateusz Klich 4 mln Środkowy pomocnik Wolfsburg, Leeds
52%
Krystian Bielik 4 mln Defensywny pomocnik Arsenal, Derby County
50%
Maciej Rybus 1,8 mln Lewy obrońca Lyon, Lokomotiw Moskwa
50%
Kacper Kozłowski 8 mln Środkowy pomocnik Pogoń Szczecin, Brighton
48%
Tomasz Kędziora 5 mln Prawy obrońca Lech Poznań, Dynamo Kijów
48%
Tymoteusz Puchacz 2,5 mln Lewy obrońca Union Berlin, Trabzonspor
47%
Szymon Żurkowski 6 mln Środkowy pomocnik Fiorentina, Empoli
45%
Kamil Jóźwiak 2,5 mln Skrzydłowy Derby County, Charlotte FC
44%
Kamil Piątkowski 5 mln Środkowy obrońca Raków Częstochowa, RB Salzburg
43%
Marcin Bułka 1,5 mln Bramkarz Chelsea, PSG
43%
Paweł Dawidowicz 4,5 mln Środkowy obrońca Lechia Gdańsk, Hellas
41%
Robert Gumny 2,5 mln Prawy obrońca Lech Poznań, Augsburg
41%
Radosław Majecki 3 mln Bramkarz Legia Warszawa, Monaco
39%
Arkadiusz Reca 3 mln Lewy obrońca Atalanta, Spezia
38%
Bartosz Kapustka 1,2 mln Ofensywny pomocnik Leicester, Freiburg
38%
Dawid Kownacki 1,5 mln Środkowy napastnik Sampdoria, Fortuna Dusseldorf
37%
Sebastian Walukiewicz 7 mln Środkowy obrońca Pogoń Szczecin, Cagliari
37%
Jacek Góralski 1,8 mln Defensywny pomocnik Ludogorets, Kajrat Ałmaty
36%
Michał Karbownik 3,5 mln Środkowy pomocnik Brighton, Olympiakos
35%
Przemysław Płacheta 2 mln Skrzydłowy Ślask Wrocław, Norwich
35%
Michał Helik 3 mln Środkowy obrońca Cracovia, Barnsley
34%
Rafał Gikiewicz 1,5 mln Bramkarz Union Berlin, Augsburg
34%
Michał Skóraś 1,2 mln Skrzydłowy Raków Częstochowa, Lech Poznań
33%
Bartosz Białek 4 mln Środkowy napastnik Zagłębie Lubin, Wolfsburg
30%
Damian Kądzior 1,2 mln Skrzydłowy Dinamo Zagrzeb, Eibar
29%
Jarosław Niezgoda 3,5 mln Środkowy napastnik Legia Warszawa, Portland Timbers
29%
Mateusz Wieteska 1,3 mln Środkowy obrońca Górnik Zabrze, Legia Warszawa
29%
Bartosz Salamon 1,2 mln Środkowy obrońca Milan, Cagliari, SPAL
27%
Bartosz Slisz 1,2 mln Defensywny pomocnik Zagłębie Lubin, Legia Warszawa
25%
Mariusz Stępiński 2,5 mln Środkowy napastnik Chievo, Hellas
25%
Paweł Bochniewicz 2,2 mln Środkowy obrońca Granada, Heerenveen
24%
Patryk Klimala 3,5 mln Środkowy napastnik Celtic, NY Red Bull
23%
Paweł Wszołek 1 mln Skrzydłowy Sampdoria, Hellas, Union Berlin
23%
Mateusz Bogusz 1,5 mln Ofensywny pomocnik Leeds, Ibiza
22%
Filip Marchwiński 1,5 mln Ofensywny pomocnik Lech Poznań
21%
Jakub Świerczok 2,7 mln Środkowy napastnik Ludogorets, Piast Gliwice
21%
Adrian Benedyczak 2 mln Środkowy napastnik Pogoń Szczecin, Parma
19%
Maik Nawrocki 0,9 mln Środkowy obrońca Werder Brema, Legia Warszawa
19%
Karol Fila 1,5 mln Prawy obrońca Lechia Gdańsk, Strasbourg
18%
Przemysław Wiśniewski 1,5 mln Środkowy obrońca Górnik Zabrze, Venezia
18%
Bartosz Nowak 1,5 mln Ofensywny pomocnik Stal Mielec, Górnik Zabrze
17%
Rafał Augustyniak 1,8 mln Defensywny pomocnik Jagiellonia, Ural
17%
Kacper Przybyłko 3 mln Środkowy napastnik Philadelphia Union, Chicago Fire
16%
Taras Romanczuk 1 mln Defensywny pomocnik Legionova, Jagiellonia
16%
Damian Dąbrowski 1,2 mln Defensywny pomocnik Cracovia, Pogoń Szczecin
15%
Rafał Wolski 1 mln Ofensywny pomocnik Legia Warszawa, Fiorentina
15%
Sebastian Kowalczyk 1,7 mln Ofensywny pomocnik Pogoń Szczecin
15%
Filip Jagiełło 2 mln Środkowy pomocnik Genoa, Brescia
14%
Mateusz Żukowski 2,5 mln Prawy obrońca Lechia Gdańsk, Rangers
14%
Patryk Kun 1,2 mln Skrzydłowy Arka Gdynia, Raków Częstochowa
14%
Konrad Michalak 1,6 mln Skrzydłowy Akhmat Grozny, Konyaspor
13%
Radosław Murawski 0,85 mln Środkowy pomocnik Palermo, Denizlispor
13%
Łukasz Zwoliński 1,2 mln Środkowy napastnik Gorica, Lechia Gdańsk
12%
Marcin Cebula 1,2 mln Ofensywny pomocnik Korona Kielce, Raków Częstochowa
12%
Karol Niemczycki 1,2 mln Bramkarz NAC Breda, Cracovia
11%
Michał Nalepa 1,5 mln Środkowy obrońca Ferencvaros, Lechia Gdańsk
11%
Patryk Szysz 1 mln Skrzydłowy Zagłębia Lubin, Basaksehir
11%
Mateusz Lis 1,1 mln Bramkarz Lech Poznań, Wisła Kraków
10%
Rafał Strączek 0,9 mln Bramkarz Stal Mielec, Bordeaux
10%
Xavier Dziekoński 1 mln Bramkarz Jagiellonia
10%
Dennis Jastrzembski 1 mln Skrzydłowy Hertha, Śląsk Wrocław
9%
Łukasz Bejger 1 mln Środkowy obrońca Manchester United, Śląsk Wrocław
9%
Mateusz Praszelik 1,5 mln Ofensywny pomocnik Śląsk Wrocław, Hellas
9%
Karol Angielski 0,9 mln Środkowy napastnik Piast Gliwice, Radomiak
8%
Łukasz Poręba 1,8 mln Środkowy pomocnik Zagłębie Lubin
8%
Filip Majchrowicz 1,3 mln Bramkarz Cracovia, Radomiak
7%
Damian Michalski 1,2 mln Środkowy obrońca GKS Bełchatów, Wisła Płock
6%
Krzysztof Kubica 1,8 mln Środkowy pomocnik Chrobry Głogów, Górnik Zabrze
6%
Arkadiusz Pyrka 1 mln Skrzydłowy Znicz Pruszków, Piast Gliwice
5%
Kamil Drygas 0,9 mln Środkowy pomocnik Lech Poznań, Pogoń Szczecin
5%
Mateusz Szwoch 1 mln Ofensywny pomocnik Legia Warszawa, Wisła Płock
5%
Adrian Gryszkiewicz 1 mln Środkowy obrońca Górnik Zabrze
3%
Konrad Gruszkowski 1 mln Prawy obrońca Motor Lublin, Wisła Kraków
3%
Tomasz Makowski 1 mln Środkowy pomocnik Górnik Łęczna, Lechia Gdańsk
3%
Nie znaleziono quizów pasujących do podanych kryteriów
Rozkład punktacji
Procent ludzi z każdym wynikiem
Percentyl według liczby udzielonych odpowiedzi
Twoja historia wyników
Nie rozwiązałeś tego quizu